[Event "TCh-FRA Top 16 GpA 2022"]
[Site "Chartres FRA"]
[Date "2022.06.15"]
[Round "7.2"]
[Board "1"]
[White "Korobov, Anton"]
[Black "Sochacki, Christophe"]
[Result "1-0"]
[WhiteTitle "GM"]
[BlackTitle "GM"]
[WhiteElo "2675"]
[BlackElo "2487"]
[WhiteTeam "L'Echiquier Chalonnais"]
[BlackTeam "U.S.Villejuif Echecs"]
[WhiteFideId "14105730"]
[BlackFideId "662569"]
[EventDate "2022.06.09"]

1. d4 d5 2. c4 dxc4 3. Nf3 Nf6 4. e3 e6 5. Bxc4 c5 6. O-O a6 7. Be2 Nbd7 8. b3
b6 9. Bb2 Bb7 10. Nbd2 Be7 11. Bd3 cxd4 12. Nxd4 O-O 13. Qe2 Nc5 14. Bc2 Qd5 15.
f3 Qh5 16. Nc4 Nd5 17. Rad1 Rac8 18. e4 Nf4 19. Qe1 b5 20. Ne3 Rfd8 21. Kh1 Bg5
22. b4 Na4 23. Ba1 Ng6 24. Bb3 Kh8 25. Bxe6 fxe6 26. Nxe6 Bh4 27. Rxd8+ Rxd8 28.
g3 Ne5 29. gxh4 Re8 30. Nxg7 Kxg7 31. Qg3+ Kf7 32. Nf5 Qg6 33. Bxe5 Qxg3 34.
Bxg3 Kf6 35. Nd6 Re7 36. Nxb7 Rxb7 37. Rc1 Rd7 38. Rc6+ Kf7 39. e5 1-0

[Event "TCh-FRA Top 16 GpA 2022"]
[Site "Chartres FRA"]
[Date "2022.06.15"]
[Round "7.2"]
[Board "2"]
[White "Saatdjian, Thomas"]
[Black "Fedorchuk, Sergey A."]
[Result "0-1"]
[WhiteTitle "FM"]
[BlackTitle "GM"]
[WhiteElo "2267"]
[BlackElo "2612"]
[WhiteTeam "U.S.Villejuif Echecs"]
[BlackTeam "L'Echiquier Chalonnais"]
[WhiteFideId "634921"]
[BlackFideId "14102536"]
[EventDate "2022.06.09"]

1. d4 Nf6 2. c4 e6 3. Nf3 b6 4. g3 Ba6 5. b3 c6 6. Bg2 Bb4+ 7. Nbd2 d5 8. O-O
Nbd7 9. a3 Be7 10. Re1 Bb7 11. e4 Nxe4 12. Nxe4 dxe4 13. Rxe4 c5 14. Re1 Bf6 15.
d5 Bxa1 16. dxe6 Nf6 17. exf7+ Kf8 18. Bf4 Qxd1 19. Rxd1 Bd4 20. Ng5 Rd8 21.
Bxb7 Bxf2+ 22. Kxf2 Rxd1 23. Ke2 Rd7 24. Bc6 Re7+ 25. Kd3 h6 26. Nf3 Kxf7 27.
Ne5+ Ke6 28. Ng6 Rd8+ 29. Kc2 Ree8 30. Bxe8 Rxe8 31. Bd2 Kf5 32. Nh4+ Kg4 33.
Kd3 Ne4 34. Be3 g5 0-1

[Event "TCh-FRA Top 16 GpA 2022"]
[Site "Chartres FRA"]
[Date "2022.06.15"]
[Round "7.2"]
[Board "3"]
[White "Edouard, Romain"]
[Black "Sochacki, Wojtek"]
[Result "1/2-1/2"]
[WhiteTitle "GM"]
[BlackTitle "IM"]
[WhiteElo "2575"]
[BlackElo "2324"]
[WhiteTeam "L'Echiquier Chalonnais"]
[BlackTeam "U.S.Villejuif Echecs"]
[WhiteFideId "633429"]
[BlackFideId "651389"]
[EventDate "2022.06.09"]

1. d4 d5 2. Bf4 Nf6 3. e3 c5 4. Nf3 e6 5. Nbd2 Bd6 6. Bg3 Qc7 7. dxc5 Bxg3 8.
hxg3 Qxc5 9. c4 Nc6 10. a3 Qe7 11. cxd5 exd5 12. Nb3 O-O 13. Be2 Bg4 14. Nfd4
Nxd4 15. Nxd4 Bxe2 16. Qxe2 Qe4 17. Rh4 Qg6 18. Rd1 Rfe8 19. Qc2 Ne4 20. Kf1
Rac8 21. Qd3 Rc1 22. Qe2 Rec8 23. Kg1 Qa6 24. Qe1 Qc4 25. Rf4 Rxd1 26. Qxd1 Qc1
27. Qxc1 Rxc1+ 28. Kh2 Rb1 29. b4 a6 30. f3 Nd6 31. Rg4 f6 32. Ne6 Kf7 33. Nc5
Re1 34. Rd4 Rxe3 35. Rxd5 Ke7 36. a4 Re1 37. g4 Ra1 38. a5 Rb1 39. Rd4 Rb2 40.
Na4 Rc2 41. Rd1 Ke6 42. Nc5+ Ke7 43. Re1+ Kf7 44. Ne6 Rc4 45. Nd8+ Kf8 46. Re6
Rd4 47. f4 Ne4 48. Nxb7 Rxb4 49. Nd8 Nc5 50. Rc6 Ke7 51. Rxc5 Kxd8 52. Rc6 Rxf4
53. Kg3 Ra4 54. Rxa6 Ke7 55. Ra7+ Kf8 56. a6 h6 57. Kf3 Kg8 58. Ke3 Kh7 59. Ra8
Kg6 60. Rd8 Rxa6 61. Rd7 Ra8 62. Kf4 Rf8 63. Ra7 Rf7 64. Ra4 Rb7 65. Kg3 Rb3+
66. Kh4 Rb2 67. Kg3 Rb7 68. Kh4 Rc7 69. Rb4 Rd7 70. Ra4 Kf7 71. Rb4 Rd2 72. Rb7+
Kg6 73. Kg3 Rd5 74. Ra7 Rg5 75. Kh3 h5 76. gxh5+ Kxh5 77. Rb7 Kh6 78. Ra7 Rb5
79. Kh2 f5 80. Ra6+ Kh5 81. Ra7 g5 82. Ra3 Rb4 83. Rc3 Rf4 84. Ra3 Rf1 85. Rh3+
Kg4 86. Ra3 f4 87. Ra5 Kh4 88. Ra4 Kh5 89. Ra5 Re1 90. Ra8 Rd1 91. Rh8+ Kg6 92.
Rg8+ Kf5 93. Rf8+ Kg4 94. Ra8 Rd2 95. Ra4 Rf2 96. Ra8 Rf1 97. Re8 Rc1 98. Ra8
Rc2 99. Rf8 Rf2 100. Ra8 Rb2 101. Rf8 Rb7 102. Ra8 Rh7+ 103. Kg1 Kh4 104. Ra4
Kg4 105. Ra8 Rh6 106. Rb8 Ra6 107. Kh2 Rh6+ 108. Kg1 Kh4 109. Rb4 Rf6 110. Kh2
Rf7 111. g3+ Kg4 112. gxf4 gxf4 113. Kg2 Rc7 114. Rb3 1/2-1/2

[Event "TCh-FRA Top 16 GpA 2022"]
[Site "Chartres FRA"]
[Date "2022.06.15"]
[Round "7.2"]
[Board "4"]
[White "Cantin, Loic"]
[Black "Velten, Paul"]
[Result "0-1"]
[BlackTitle "GM"]
[WhiteElo "2199"]
[BlackElo "2486"]
[WhiteTeam "U.S.Villejuif Echecs"]
[BlackTeam "L'Echiquier Chalonnais"]
[WhiteFideId "679070"]
[BlackFideId "681091"]
[EventDate "2022.06.09"]

1. Nf3 Nf6 2. g3 g6 3. Bg2 Bg7 4. O-O O-O 5. d4 d6 6. Re1 Bg4 7. h3 Bxf3 8. Bxf3
c6 9. c3 Nbd7 10. e4 Qc7 11. Bg2 e5 12. dxe5 dxe5 13. Qe2 Rfd8 14. Be3 Bf8 15.
Nd2 Bc5 16. Bg5 b5 17. h4 Kg7 18. Nb3 Bb6 19. Rad1 h6 20. Bc1 a5 21. Qf3 a4 22.
Na1 Nc5 23. Qe2 Rd7 24. Rxd7 Qxd7 25. Rd1 Qe6 26. a3 Rb8 27. Nc2 Qc4 28. Qd2
Ncxe4 29. Qxh6+ Kg8 0-1

[Event "TCh-FRA Top 16 GpA 2022"]
[Site "Chartres FRA"]
[Date "2022.06.15"]
[Round "7.2"]
[Board "5"]
[White "David, Alberto"]
[Black "Eden, James"]
[Result "1-0"]
[WhiteTitle "GM"]
[BlackTitle "IM"]
[WhiteElo "2520"]
[BlackElo "2253"]
[WhiteTeam "L'Echiquier Chalonnais"]
[BlackTeam "U.S.Villejuif Echecs"]
[WhiteFideId "4000013"]
[BlackFideId "666491"]
[EventDate "2022.06.09"]

1. d4 d5 2. c4 c6 3. Nf3 Nf6 4. e3 Bf5 5. Nc3 a6 6. Qb3 Ra7 7. Nh4 Be4 8. f3
dxc4 9. Qxc4 Bd5 10. Qe2 b5 11. Qf2 Qa5 12. e4 b4 13. Nb1 Bb3 14. Nd2 Ba4 15.
Nc4 Qd8 16. Be3 Rb7 17. Be2 e6 18. O-O Be7 19. g3 O-O 20. Ng2 Nbd7 21. Rac1 Bb5
22. Rfd1 h6 23. Nf4 Ne8 24. d5 cxd5 25. exd5 e5 26. Ne6 fxe6 27. dxe6 Nef6 28.
Qg2 Qb8 29. exd7 Rxd7 30. Qh3 Rxd1+ 31. Rxd1 Qc8 32. Qxc8 Rxc8 33. b3 Rd8 34.
Rxd8+ Bxd8 35. Kf2 Bc7 36. Bc5 Nd5 37. Ne3 Nc3 38. Bxb5 axb5 39. Bxb4 Nxa2 40.
Bd2 Bd6 41. Ke2 Kf7 42. Kd3 Ke6 43. Ke4 g6 44. Ng2 h5 45. Nh4 Kf6 46. g4 Bb4 47.
g5+ Kf7 48. Bxb4 Nxb4 49. Kxe5 Nd3+ 50. Kd4 Nf4 51. Kc5 Ne6+ 52. Kxb5 Nxg5 53.
b4 Ne6 54. Kc4 Kf6 55. b5 g5 56. b6 Nd8 57. Ng2 Kf5 58. h3 Ke5 59. Kc5 Ke6 60.
Kb5 Ke5 61. Kc5 Ke6 62. Ne1 Kf5 63. Nd3 g4 64. hxg4+ hxg4 65. fxg4+ Kxg4 66. Kd6
Nb7+ 67. Kc7 Na5 68. Ne5+ Kf5 69. Nc6 Nb3 70. Nd4+ Nxd4 71. b7 Ne6+ 72. Kc8 Ke4 1-0

[Event "TCh-FRA Top 16 GpA 2022"]
[Site "Chartres FRA"]
[Date "2022.06.15"]
[Round "7.2"]
[Board "6"]
[White "Da Silva, Quentin"]
[Black "Bournel, Antoine"]
[Result "1-0"]
[BlackTitle "FM"]
[WhiteElo "2171"]
[BlackElo "2352"]
[WhiteTeam "U.S.Villejuif Echecs"]
[BlackTeam "L'Echiquier Chalonnais"]
[WhiteFideId "26009528"]
[BlackFideId "26093553"]
[EventDate "2022.06.09"]

1. e4 e5 2. Nf3 Nc6 3. Bb5 a6 4. Ba4 Nf6 5. O-O Be7 6. Re1 b5 7. Bb3 d6 8. c3
O-O 9. h3 Nb8 10. d4 Nbd7 11. Nbd2 Bb7 12. Bc2 Re8 13. Nf1 d5 14. exd5 exd4 15.
Nxd4 Nxd5 16. Nf5 Bf6 17. Rxe8+ Qxe8 18. N1g3 Ne5 19. Nh5 Rd8 20. Nxf6+ Nxf6 21.
Qf1 Be4 22. Bxe4 Nxe4 23. Be3 Qd7 24. Nd4 c5 25. Nb3 c4 26. Nd4 Nd3 27. Qe2 Re8
28. Qc2 f5 29. Ne2 Qc7 30. Bd4 Qf7 31. a4 f4 32. f3 Ng5 33. axb5 Qg6 34. Kh2
axb5 35. Ra7 Ne6 36. Qd2 Nxd4 37. cxd4 h5 38. Ra5 Qf5 39. Ra6 Re3 40. Ra8+ Kh7
41. Nc3 Qg6 42. Ne4 h4 43. Ra1 b4 44. Ra5 Kh6 45. Rg5 Qb6 46. Rg4 Qd8 47. Qc2
Qxd4 48. Qa4 Rxe4 49. Qc6+ Kh7 50. Qg6+ Kg8 51. fxe4 Qe5 52. Rg5 Qe7 53. Rh5 Ne5
54. Qh7+ Kf7 55. Qf5+ Kg8 56. Qxe5 Qd7 57. Qd5+ 1-0

[Event "TCh-FRA Top 16 GpA 2022"]
[Site "Chartres FRA"]
[Date "2022.06.15"]
[Round "7.2"]
[Board "7"]
[White "Guilleux, Fabien"]
[Black "Caille, Hugo"]
[Result "1-0"]
[WhiteTitle "IM"]
[WhiteElo "2385"]
[BlackElo "2159"]
[WhiteTeam "L'Echiquier Chalonnais"]
[BlackTeam "U.S.Villejuif Echecs"]
[WhiteFideId "657883"]
[BlackFideId "20681348"]
[EventDate "2022.06.09"]

1. c4 e6 2. Nc3 d5 3. d4 Nf6 4. cxd5 exd5 5. Bg5 Be7 6. e3 c6 7. Bd3 Nbd7 8.
Nge2 Nf8 9. Qc2 Ne6 10. Bh4 g6 11. O-O O-O 12. Rad1 b5 13. a4 b4 14. Na2 Qb6 15.
Nac1 c5 16. a5 Qxa5 17. Nb3 Qc7 18. dxc5 a5 19. c6 Ng4 20. Bg3 Bd6 21. Nbd4 Bxg3
22. hxg3 Qe5 23. Nf3 Qh5 24. Rfe1 Ng5 25. Nh4 Be6 26. Qc5 Nf6 27. Qd4 Nge4 28.
Bxe4 Nxe4 29. Nf4 Qg5 30. Nf3 Qf6 31. Nxd5 Bxd5 32. Qxd5 Rfe8 33. Rd4 Qe7 34. c7
a4 35. Rc1 Nxg3 36. Qxa8 Rxa8 37. c8=Q+ Rxc8 38. Rxc8+ Kg7 39. fxg3 Qxe3+ 40.
Kh2 a3 41. Rxb4 axb2 42. Rxb2 Qh6+ 43. Kg1 Qe3+ 44. Rf2 f5 45. Rc2 Kh6 46. Kh2
f4 47. g4 Qe6 48. g5+ Kh5 49. Rc7 Qg8 50. Re2 Kg4 51. Ree7 h5 52. gxh6 Qf8 53.
Rg7 Qf5 54. Rxg6+ 1-0

[Event "TCh-FRA Top 16 GpA 2022"]
[Site "Chartres FRA"]
[Date "2022.06.15"]
[Round "7.3"]
[Board "1"]
[White "Feller, Sebastien"]
[Black "Lagarde, Maxime"]
[Result "0-1"]
[WhiteTitle "GM"]
[BlackTitle "GM"]
[WhiteElo "2574"]
[BlackElo "2628"]
[WhiteTeam "Club d'Echecs Metz Fischer"]
[BlackTeam "C'Chartres Echecs"]
[WhiteFideId "634654"]
[BlackFideId "662399"]
[EventDate "2022.06.09"]

1. d4 Nf6 2. c4 e6 3. Nf3 d5 4. Nc3 c6 5. e3 Nbd7 6. Qc2 Bd6 7. Bd3 dxc4 8. Bxc4
b5 9. Bd3 Bb7 10. O-O O-O 11. Ng5 h6 12. Nge4 Be7 13. a4 b4 14. Nxf6+ Nxf6 15.
Ne4 Nxe4 16. Bxe4 a5 17. f4 Qb6 18. f5 exf5 19. Rxf5 Rac8 20. b3 c5 21. Bxb7
Qxb7 22. dxc5 g6 23. Re5 Bf6 24. Bb2 Bxe5 25. Bxe5 Qd5 26. Bd4 f5 27. Rd1 Rfd8
28. Rf1 Re8 29. Qd3 Re6 30. Qb5 Ra8 31. Rc1 Qc6 32. Qc4 Kh7 33. Qb5 g5 34. Qxc6
Rxc6 35. Kf2 f4 36. exf4 gxf4 37. Kf3 Rd8 38. Rc4 Kg6 39. Kxf4 Kf7 40. Ke4 Ke7
41. g4 Rg6 42. h3 Kd7 43. Be3 Re6+ 44. Kf3 Kc6 45. Rd4 Rxd4 46. Bxd4 Re1 47. h4
Rb1 48. g5 Rxb3+ 49. Kg4 Rd3 50. Bf6 hxg5 51. hxg5 b3 52. g6 Rd2 53. g7 b2 54.
g8=Q Rg2+ 55. Kf3 Rxg8 56. Bxb2 Kxc5 57. Bc3 Ra8 58. Ke3 Kc4 59. Kd2 Kb3 0-1

[Event "TCh-FRA Top 16 GpA 2022"]
[Site "Chartres FRA"]
[Date "2022.06.15"]
[Round "7.3"]
[Board "2"]
[White "Mamedov, Rauf"]
[Black "Ganguly, Surya Shekhar"]
[Result "1/2-1/2"]
[WhiteTitle "GM"]
[BlackTitle "GM"]
[WhiteElo "2656"]
[BlackElo "2616"]
[WhiteTeam "C'Chartres Echecs"]
[BlackTeam "Club d'Echecs Metz Fischer"]
[WhiteFideId "13401653"]
[BlackFideId "5002150"]
[EventDate "2022.06.09"]

1. e4 e5 2. Nf3 Nc6 3. Bb5 Nf6 4. O-O Nxe4 5. Re1 Nd6 6. Bf1 Be7 7. Nc3 e4 8.
Nxe4 Nxe4 9. Rxe4 d5 10. Re1 Bg4 11. h3 Bh5 12. c3 O-O 13. d4 Bd6 14. g4 Bg6 15.
Ne5 Nxe5 16. dxe5 Bc5 17. Be3 Bxe3 18. Rxe3 c6 19. Bg2 f5 20. e6 Qe7 21. Qe2
fxg4 22. hxg4 Rf4 23. Re1 Raf8 24. Rf3 h6 25. Qe3 Rxf3 1/2-1/2

[Event "TCh-FRA Top 16 GpA 2022"]
[Site "Chartres FRA"]
[Date "2022.06.15"]
[Round "7.3"]
[Board "3"]
[White "Postny, Evgeny"]
[Black "Bauer, Christian"]
[Result "1-0"]
[WhiteTitle "GM"]
[BlackTitle "GM"]
[WhiteElo "2562"]
[BlackElo "2607"]
[WhiteTeam "Club d'Echecs Metz Fischer"]
[BlackTeam "C'Chartres Echecs"]
[WhiteFideId "2804344"]
[BlackFideId "603767"]
[EventDate "2022.06.09"]

1. d4 f5 2. g3 Nf6 3. Bg2 g6 4. c4 Bg7 5. Nh3 Nc6 6. O-O O-O 7. Nc3 d6 8. d5 Ne5
9. b3 Nh5 10. Bd2 a6 11. a4 h6 12. e3 Nf6 13. Nf4 c6 14. Qc2 cxd5 15. Nfxd5 Nh7
16. a5 Rb8 17. Rad1 Bd7 18. Ne2 Qe8 19. Nd4 Nf6 20. Nxf6+ Bxf6 21. Bc3 Bg7 22.
Bd5+ Kh7 23. Ne6 Bxe6 24. Bxe6 Nf3+ 25. Kg2 Bxc3 26. Qxc3 Ng5 27. Bd5 e6 28. h4
Nf7 29. Bf3 Qe7 30. Kg1 Qc7 31. Bg2 Qe7 32. Rd2 Rfc8 33. Rfd1 b6 34. axb6 Rxb6
35. Ra2 Rcb8 36. Ra3 g5 37. hxg5 hxg5 38. Rda1 Kg6 39. Qc2 Qf6 40. e4 Kg7 41.
exf5 Rxb3 42. fxe6 Rxa3 43. Rxa3 Rb2 44. Qc3 Rb1+ 45. Bf1 Ne5 46. Qc2 Rb6 47. c5
dxc5 48. Qxc5 Rxe6 49. Be2 Nd7 50. Qc4 Ne5 51. Qd5 Rd6 52. Qe4 Nf7 53. Ra5 Qc3
54. Rf5 Rf6 55. Rxf6 Qxf6 56. Qa4 Ne5 57. Bxa6 Qc6 58. Qa1 Qf6 59. Qa4 Qc6 60.
Qd4 Qf6 61. Qa7+ Qf7 62. Qd4 Qf6 63. Qe4 g4 64. Be2 Qg5 65. Kg2 Kf6 66. Qb4 Qf5
67. Qd6+ Qe6 68. Qd8+ Qe7 69. Qh8+ Qg7 70. Qc8 Qg6 71. Qf8+ Qf7 72. Qh6+ Qg6 73.
Qe3 Qf5 74. Qd4 Qe6 75. Bb5 Ke7 76. Qb4+ Kf6 77. Qc5 Qe7 78. Qd5 Qe6 79. Qe4 Qf5
80. Qd4 Qe6 81. Bd3 Ke7 82. Be4 Qd6 83. Qe3 Qe6 84. Qg5+ Qf6 85. Qg8 Qf7 86. Qb8
Kf6 87. Qd6+ Qe6 88. Qf8+ Qf7 89. Qh8+ Qg7 90. Qh5 Ke7 91. Qf5 Qf6 92. Qc8 Qe6
93. Qc3 Kf6 94. Qe3 Ke7 95. Qg5+ Qf6 96. Qg8 Qf7 97. Qb8 Kf6 98. Qd8+ Qe7 99.
Qh8+ Qg7 100. Qc8 Qd7 101. Qc1 Qg7 102. Qf4+ Ke7 103. Bf5 Qf6 104. Qe4 Kf8 105.
Bxg4 Nf7 106. Qf3 Kg7 107. Qxf6+ Kxf6 108. f4 Nd6 109. Kf3 Nf7 110. Bd7 1-0

[Event "TCh-FRA Top 16 GpA 2022"]
[Site "Chartres FRA"]
[Date "2022.06.15"]
[Round "7.3"]
[Board "4"]
[White "Maurizzi, Marc'Andria"]
[Black "Koch, Jean-Rene"]
[Result "1/2-1/2"]
[WhiteTitle "GM"]
[BlackTitle "IM"]
[WhiteElo "2490"]
[BlackElo "2441"]
[WhiteTeam "C'Chartres Echecs"]
[BlackTeam "Club d'Echecs Metz Fischer"]
[WhiteFideId "36083534"]
[BlackFideId "600148"]
[EventDate "2022.06.09"]

1. e4 c5 2. Nf3 e6 3. c3 Nf6 4. e5 Nd5 5. Bc4 d6 6. d4 cxd4 7. cxd4 Be7 8. O-O
O-O 9. Qe2 Bd7 10. Nc3 Nxc3 11. bxc3 Bc6 12. exd6 Qxd6 13. a4 Qc7 14. Ne5 Bd5
15. Bxd5 exd5 16. Qg4 Qc8 17. Qg3 Nc6 18. Bh6 Bf6 19. Ng4 Qf5 20. Rab1 b6 21.
Rb5 Ne7 22. Nxf6+ Qxf6 23. Bg5 Qe6 24. Bxe7 Qxe7 25. Rxd5 Rac8 26. a5 Qa3 27.
axb6 axb6 28. Qd6 Qxd6 29. Rxd6 Rxc3 30. Rxb6 Rd3 31. Rd6 Re8 32. g3 g6 33. Rc1
Kg7 34. Kf1 Re4 35. d5 Re5 36. Rc5 Rd2 37. Rc4 Rexd5 38. Rxd5 Rxd5 1/2-1/2

[Event "TCh-FRA Top 16 GpA 2022"]
[Site "Chartres FRA"]
[Date "2022.06.15"]
[Round "7.3"]
[Board "5"]
[White "Lazarev, Vladimir"]
[Black "Guliyev, Namig"]
[Result "1/2-1/2"]
[WhiteTitle "GM"]
[BlackTitle "GM"]
[WhiteElo "2491"]
[BlackElo "2547"]
[WhiteTeam "Club d'Echecs Metz Fischer"]
[BlackTeam "C'Chartres Echecs"]
[WhiteFideId "4113250"]
[BlackFideId "13400363"]
[EventDate "2022.06.09"]

1. d4 d5 2. c4 dxc4 3. Nf3 Nf6 4. e3 e6 5. Bxc4 a6 6. O-O c5 7. dxc5 Qxd1 8.
Rxd1 Bxc5 9. b3 b6 10. Bb2 Nbd7 11. Nbd2 Bb7 12. Be2 O-O 13. Nc4 Rfd8 1/2-1/2

[Event "TCh-FRA Top 16 GpA 2022"]
[Site "Chartres FRA"]
[Date "2022.06.15"]
[Round "7.3"]
[Board "6"]
[White "Medvegy, Zoltan"]
[Black "Pucher, Olivier"]
[Result "1-0"]
[WhiteTitle "GM"]
[BlackTitle "FM"]
[WhiteElo "2528"]
[BlackElo "2341"]
[WhiteTeam "C'Chartres Echecs"]
[BlackTeam "Club d'Echecs Metz Fischer"]
[WhiteFideId "708402"]
[BlackFideId "620203"]
[EventDate "2022.06.09"]

1. d4 d5 2. c4 e6 3. Nc3 a6 4. cxd5 exd5 5. Bf4 Nf6 6. e3 Bd6 7. Bg5 c6 8. Bd3
Nbd7 9. Nge2 Nf8 10. Bh4 Ng6 11. Bg3 Bxg3 12. hxg3 Ne7 13. Nf4 g6 14. f3 Bf5 15.
g4 Bxd3 16. Qxd3 Qd6 17. O-O-O O-O-O 18. Rh6 Rhe8 19. Rh3 g5 20. Nfe2 Kb8 21.
Ng3 h6 22. Kb1 Nd7 23. Rdh1 c5 24. Nf5 Nxf5 25. gxf5 c4 26. Qd2 Rh8 27. g4 Rde8
28. Nd1 Ka8 29. Qh2 Qb4 30. Rxh6 Rxh6 31. Qxh6 c3 32. Nxc3 Rxe3 33. Qh8+ Ka7 34.
Qc8 Nb6 35. Qc5 Qxc5 36. dxc5 Nc4 37. Nxd5 Rxf3 38. Rh6 Ne5 39. Nb6 a5 40. Rh8
Ka6 41. a4 1-0

[Event "TCh-FRA Top 16 GpA 2022"]
[Site "Chartres FRA"]
[Date "2022.06.15"]
[Round "7.3"]
[Board "7"]
[White "Migot, Tangi"]
[Black "Daulyte-Cornette, Deimante"]
[Result "1/2-1/2"]
[WhiteTitle "IM"]
[BlackTitle "IM"]
[WhiteElo "2353"]
[BlackElo "2384"]
[WhiteTeam "Club d'Echecs Metz Fischer"]
[BlackTeam "C'Chartres Echecs"]
[WhiteFideId "662445"]
[BlackFideId "12802859"]
[EventDate "2022.06.09"]

1. d4 d5 2. Nf3 Nf6 3. e3 c5 4. Nbd2 cxd4 5. exd4 Qc7 6. c3 Nc6 7. Bd3 Bg4 8.
O-O e6 9. Re1 Bd6 10. Nf1 Bh5 11. Ng3 Bg6 12. Nf5 Bxf5 13. Bxf5 O-O 14. Bd3 Bf4
15. Ne5 Bxc1 16. Rxc1 Nxe5 17. dxe5 Nd7 18. Qh5 g6 19. Qg5 Nc5 20. Bb1 b5 21. h4
Rfc8 22. h5 Qd8 23. Qg4 Qe8 24. Re3 Nd7 25. Rh3 Nxe5 26. Qd4 Nc6 27. Qh4 Qe7 28.
hxg6 fxg6 29. Qg4 Ne5 30. Qe2 Nd7 31. Rd1 Re8 32. Qxb5 Rab8 33. Qe2 Nf8 34. Re3
Red8 35. Red3 Qf6 36. a3 Rdc8 37. Rf3 Qg7 38. Ba2 Kh8 39. Rc1 Re8 40. b4 Rbc8
41. c4 dxc4 42. Rxc4 Rxc4 43. Bxc4 Qd4 44. Qd3 Qxd3 45. Rxd3 Rc8 46. Ba6 Rc7 47.
a4 Kg7 48. a5 Nd7 49. Rd6 Nb8 50. Bf1 Nc6 51. b5 Nxa5 52. Rxe6 Nb3 53. b6 axb6
54. Rxb6 Nd4 1/2-1/2

[Event "TCh-FRA Top 16 GpA 2022"]
[Site "Chartres FRA"]
[Date "2022.06.15"]
[Round "7.4"]
[Board "1"]
[White "Alonso Rosell, Alvar"]
[Black "Van Foreest, Lucas"]
[Result "1/2-1/2"]
[WhiteTitle "GM"]
[BlackTitle "GM"]
[WhiteElo "2562"]
[BlackElo "2553"]
[WhiteTeam "Club 608 d'Echecs Paris"]
[BlackTeam "Tremblay en France"]
[WhiteFideId "2270544"]
[BlackFideId "1039792"]
[EventDate "2022.06.09"]

1. d4 d5 2. c4 e6 3. Nf3 Nf6 4. g3 dxc4 5. Bg2 Bb4+ 6. Bd2 a5 7. a3 Bxd2+ 8.
Nbxd2 b5 9. b3 cxb3 10. Qxb3 c6 11. O-O O-O 12. Rfc1 Bb7 13. Qb2 Nbd7 14. Ne1
Rb8 15. Nd3 Qb6 16. Nb3 Rfd8 17. Rc2 Ne8 18. Rac1 Nd6 19. Nd2 Ba8 20. e3 Qa6 1/2-1/2

[Event "TCh-FRA Top 16 GpA 2022"]
[Site "Chartres FRA"]
[Date "2022.06.15"]
[Round "7.4"]
[Board "2"]
[White "Piorun, Kacper"]
[Black "Song, Julien"]
[Result "1-0"]
[WhiteTitle "GM"]
[BlackTitle "IM"]
[WhiteElo "2627"]
[BlackElo "2402"]
[WhiteTeam "Tremblay en France"]
[BlackTeam "Club 608 d'Echecs Paris"]
[WhiteFideId "1130420"]
[BlackFideId "659487"]
[EventDate "2022.06.09"]

1. e4 e5 2. Nf3 Nc6 3. Bb5 a6 4. Ba4 Nf6 5. O-O Bc5 6. c3 b5 7. Bb3 d6 8. a4 Bb7
9. d4 Bb6 10. Re1 O-O 11. Bg5 h6 12. Bh4 exd4 13. cxd4 g5 14. Bg3 Re8 15. Nc3 b4
16. Nd5 Nxd5 17. Bxd5 Na5 18. Bxb7 Nxb7 19. Qb3 Na5 20. Qxb4 c5 21. dxc5 Bxc5
22. Qc3 Rc8 23. Qd3 Qb6 24. e5 dxe5 25. Nxe5 Bd4 26. h4 Rcd8 27. Qf3 Qb3 28. Qh5
Re7 29. Ng4 Rxe1+ 30. Rxe1 Bg7 31. Nxh6+ Bxh6 32. Qxh6 1-0

[Event "TCh-FRA Top 16 GpA 2022"]
[Site "Chartres FRA"]
[Date "2022.06.15"]
[Round "7.4"]
[Board "3"]
[White "Ramirez Garcia, Jorge Alberto"]
[Black "Malakhov, Vladimir"]
[Result "0-1"]
[WhiteTitle "FM"]
[BlackTitle "GM"]
[WhiteElo "2242"]
[BlackElo "2652"]
[WhiteTeam "Club 608 d'Echecs Paris"]
[BlackTeam "Tremblay en France"]
[WhiteFideId "5108101"]
[BlackFideId "4120787"]
[EventDate "2022.06.09"]

1. e4 e5 2. Nf3 Nc6 3. Nc3 Nf6 4. d4 exd4 5. Nxd4 Bb4 6. Nxc6 bxc6 7. Bd3 O-O 8.
O-O Re8 9. Bg5 Rb8 10. f4 h6 11. e5 hxg5 12. fxg5 Rxe5 13. gxf6 d5 14. fxg7 Qg5
15. Qf3 Qe3+ 16. Qxe3 Rxe3 17. Na4 Bd6 18. Rae1 Rxe1 19. Rxe1 Be6 20. b3 Kxg7
21. g3 c5 22. Be2 c4 23. Rd1 Rb5 24. Bf3 Ra5 25. Kf2 Be5 26. Ke2 d4 27. Rc1 Bf5
28. Kd1 c3 29. Be2 Bf6 30. Ke1 Re5 31. Kf1 Bg5 32. Rd1 Bd2 0-1

[Event "TCh-FRA Top 16 GpA 2022"]
[Site "Chartres FRA"]
[Date "2022.06.15"]
[Round "7.4"]
[Board "4"]
[White "Vlachos, Anatole"]
[Black "Iglesias, Yosha"]
[Result "1-0"]
[WhiteTitle "IM"]
[BlackTitle "FM"]
[WhiteElo "2431"]
[BlackElo "2202"]
[WhiteTeam "Tremblay en France"]
[BlackTeam "Club 608 d'Echecs Paris"]
[WhiteFideId "26093189"]
[BlackFideId "637823"]
[EventDate "2022.06.09"]

1. e4 e5 2. Nf3 Nf6 3. Nxe5 Nxe4 4. Qe2 Qe7 5. Qxe4 d6 6. d4 dxe5 7. dxe5 Nc6 8.
Nc3 Qxe5 9. Qxe5+ Nxe5 10. Bf4 Bd6 11. Bg3 h5 12. O-O-O f6 13. Nb5 h4 14. Nxd6+
cxd6 15. Bf4 Ke7 16. h3 Bf5 17. Be2 Rhc8 18. Rd2 g5 19. Bh2 Rc6 20. Kb1 Rac8 21.
Rc1 d5 22. Bb5 Rc5 23. Ba4 Kf7 24. b4 Rc4 25. Bb3 Rxb4 26. Rxd5 Be6 27. Rd6 Bxb3
28. axb3 Re4 29. Rd2 Nc6 30. f3 Re6 31. f4 Rce8 32. fxg5 fxg5 33. Rf1+ Kg6 34.
Rff2 Rf6 35. Rxf6+ Kxf6 36. Bd6 Re1+ 37. Kb2 Ne5 38. Bb4 Re4 39. Bc3 Ke6 40. Rf2
g4 41. hxg4 Rxg4 42. Re2 Rg5 43. Re4 Kd5 44. Rd4+ Kc6 45. Rxh4 Ng6 46. Rc4+ Kd5
47. g4 b5 48. Rd4+ Kc6 49. Bd2 Rd5 50. Rxd5 Kxd5 51. g5 Ne5 52. Bc3 Nc6 53. g6
Ke6 54. g7 Kf7 55. Bf6 a6 56. c4 1-0

[Event "TCh-FRA Top 16 GpA 2022"]
[Site "Chartres FRA"]
[Date "2022.06.15"]
[Round "7.4"]
[Board "5"]
[White "Baillon, Olivier"]
[Black "Flom, Gabriel"]
[Result "0-1"]
[BlackTitle "GM"]
[WhiteElo "2197"]
[BlackElo "2428"]
[WhiteTeam "Club 608 d'Echecs Paris"]
[BlackTeam "Tremblay en France"]
[WhiteFideId "616141"]
[BlackFideId "621650"]
[EventDate "2022.06.09"]

1. Nf3 g6 2. d4 Nf6 3. b3 Bg7 4. Bb2 O-O 5. g3 d5 6. Bg2 Bg4 7. Nbd2 c6 8. c4 h6
9. Ne5 Bf5 10. f3 Nfd7 11. Nxd7 Qxd7 12. O-O Bh3 13. e4 Bxg2 14. Kxg2 dxe4 15.
Nxe4 Na6 16. Qd2 b5 17. Rfd1 bxc4 18. bxc4 Rab8 19. Ba3 f5 20. Nc5 Nxc5 21. Bxc5
Rb7 22. Qe2 Rfb8 23. Rd2 Bf6 24. Re1 Kf7 25. f4 h5 26. h4 a5 27. Qe3 Rb1 28.
Rxb1 Rxb1 29. Qd3 Re1 30. d5 cxd5 31. Qxd5+ Qxd5+ 32. cxd5 Re4 33. Kf3 Rc4 34.
Bb6 Rc3+ 35. Kf2 a4 36. Ba5 Rc4 37. a3 Bd4+ 38. Ke2 Bc5 0-1